Sacramentum Munjdi (Record no. 4523)
[ view plain ]
| 000 -LEADER | |
|---|---|
| fixed length control field | 00527nam a2200193 a 4500 |
| 082 00 - DEWEY DECIMAL CLASSIFICATION NUMBER | |
| Classification number | 230.042 |
| Author Cutter | RAH |
| 100 ## - MAIN ENTRY--AUTHOR NAME | |
| Author name | Rahner, Karl |
| 245 ## - TITLE STATEMENT | |
| Title | Sacramentum Munjdi |
| 260 ## - PUBLICATION, DISTRIBUTION, ETC. (IMPRINT) | |
| Place of publication | Bangalore |
| Name of publisher | Theological Publications in India |
| Year of publication | 1975 |
| 300 ## - PHYSICAL DESCRIPTION | |
| Number of Pages | 420p |
| 500 ## - GENERAL NOTE | |
| General note | includes index and biblioraphy |
| 505 2# - FORMATTED CONTENTS NOTE | |
| Formatted contents note | Index of name and topics |
| 505 2# - FORMATTED CONTENTS NOTE | |
| Formatted contents note | Index of name and topics00 |
| 650 ## - SUBJECT ADDED ENTRY--TOPICAL TERM | |
| Topical Term | Theology-encyclopaedia |
| 650 ## - SUBJECT ADDED ENTRY--TOPICAL TERM | |
| Topical Term | Catholic Church-Doctrines |
| 942 ## - ADDED ENTRY ELEMENTS (KOHA) | |
| Koha item type | Books |
| 700 1# - | |
| -- | Ernst, Cornelius |
| 700 1# - | |
| -- | Smyth, Kevin |
| Collection code | Home library | Current library | Shelving location | Date acquired | Cost, normal purchase price | Full call number | Accession Number | Koha item type |
|---|---|---|---|---|---|---|---|---|
| Reference | Henry Martyn Institute Library | Henry Martyn Institute Library | Reference | 02/07/2017 | 100.00 | 230.030 RAH | 07683 | Books |
| Reference | Henry Martyn Institute Library | Henry Martyn Institute Library | Reference | 100.00 | 230.030 RAH | 07684 | Books | |
| Reference | Henry Martyn Institute Library | Henry Martyn Institute Library | Reference | 100.00 | 230.030 RAH | 07685 | Books | |
| Reference | Henry Martyn Institute Library | Henry Martyn Institute Library | Reference | 100.00 | 230.030 RAH | 07686 | Books | |
| Reference | Henry Martyn Institute Library | Henry Martyn Institute Library | Reference | 100.00 | 230.030 RAH | 07687 | Books | |
| Reference | Henry Martyn Institute Library | Henry Martyn Institute Library | Reference | 100.00 | 230.030 RAH | 07688 | Books |
